Návratnost terciárního vzdělávání v růstu kompetencí a platu: mezinárodní srovnání

Kognitívne kompetencie sú témou celej rady súčasných rešpektovaných ekonomických a sociologických študií. Návratnosť terciárneho vzdelávania v pomere k rastu kompetencií a platov naprieč krajinami OECD.

Salvato in:
Dettagli Bibliografici
Autore principale: Anýžová, Petra
Natura: Capitolo di libro
Lingua:ceco
Soggetti:
Tags: Aggiungi Tag
Nessun Tag, puoi essere il primo ad aggiungerne!!

MARC

LEADER 00000naa a2200000 4500
001 0228970
005 20220805080132.3
041 0 |a cze 
044 |a SK 
245 1 0 |a Návratnost terciárního vzdělávání v růstu kompetencí a platu: mezinárodní srovnání  |c Petra Anýžová 
520 |a Kognitívne kompetencie sú témou celej rady súčasných rešpektovaných ekonomických a sociologických študií. Návratnosť terciárneho vzdelávania v pomere k rastu kompetencií a platov naprieč krajinami OECD. 
610 2 0 |a vzdelávanie terciárne 
610 2 0 |a vzdelanie vysokoškolské 
610 2 0 |a programy študijné 
610 2 0 |a zručnosti 
610 2 0 |a kompetencie 
610 2 0 |a porovnanie medzinárodné 
610 2 0 |a OECD 
610 2 0 |a štúdie sociologické 
100 1 |a Anýžová, Petra